000
00294 a2200145 4500
001
169616
020
_a
040
_c
Magnum
100
_a
Viney, Peter
240
1
0
_a
Sunnyvista city
_l
ING
245
1
0
_a
Sunnyvista city
362
0
_a
1899
697
_a
LITERATURA ESTRANGEIRA
942
_c
BK
999
_c
169616
_d
169616